| 000 | 00409cam a2200157ua 4500 | ||
|---|---|---|---|
| 001 | 1578 | ||
| 008 | 110824n ii |||gr||||Z||||||asm | ||
| 040 | _cMAIN | ||
| 100 |
_aAhmed, Rofique, _eAuthor. |
||
| 245 | 1 |
_aSamastigat arthatattva _cby Rofique Ahmed |
|
| 260 |
_aJorhat: _bUnika prakashan, _c2008. |
||
| 300 |
_a520p: _bill; _c25cm. |
||
| 653 | _aEconomics | ||
| 653 | _aSamastrigat arthatattva | ||
| 942 | _cBK | ||
| 999 |
_c1465 _d1465 |
||